| 000 | 01020nam a2200313 i 4500 | ||
|---|---|---|---|
| 999 |
_c200429468 _d47392 |
||
| 001 | 200429468 | ||
| 003 | TR-AnTOB | ||
| 005 | 20200422114946.0 | ||
| 007 | ta | ||
| 008 | 180416s2012 tu a g 000 0 tur d | ||
| 020 | _a9786051370774 | ||
| 040 |
_aTR-AnTOB _beng _erda _cTR-AnTOB _dTR-AnTOB |
||
| 041 | 0 | _atur | |
| 050 | 0 | 0 |
_aDR592.K4 _bK695 2012 |
| 090 |
_aDR592.K4 _bK695 2012 |
||
| 100 | 1 |
_aKoylu, Zafer _eauthor _972653 |
|
| 245 | 1 | 0 |
_aHalkı ile iç içe Atatürk / _cDr. Zafer Koylu. |
| 264 | 1 |
_aEskişehir : _bEskişehir Ticaret Odası, _c2012. |
|
| 300 |
_a108 pages : _billustrations ; _c22 cm. |
||
| 336 |
_atext _2rdacontent |
||
| 337 |
_aunmediated _2rdamedia |
||
| 338 |
_avolume _2rdacarrier |
||
| 490 | 0 |
_aEskişehir Ticaret Odası Yayınları ; _v27 _aŞehir ve kültür ; _v5 |
|
| 504 | _aIncludes bibliographical references (pages 106-107) | ||
| 590 | _aDonated by Levent Kuşoğlu | ||
| 600 | 1 | 0 |
_aAtatürk, Mustafa Kemal _d1881-1938 _920781 |
| 942 |
_2lcc _cBK |
||